000 00488nam a2200205Ia 4500
003 GCL
008 140319s9999 xx 000 0 eng d
040 _aGCL /
_cGCL
082 0 4 _a909.08
_bT M
100 1 _aTOWNLEY, W.E
245 1 0 _aMODERN HISTORY /
_cTOWNLEY, W.E
700 1 _aCURRICULUM
260 _a[S.N] :
_bLONGMAN ،
_c1993
300 _a284 P
650 0 4 _aHISTORY
650 0 4 _aEXAMINATIONS
650 0 4 _aSECONDARY SCHOOLS
650 0 4 _aCURRICULUM
942 _2ddc
_cBK
999 _c17623
_d17623